| 000 | 01090nam0a22002531 4500 | ||
|---|---|---|---|
| 001 | v19\rc\1684743 | ||
| 005 | 20061002151306.3 | ||
| 035 | _a(NLR Aleph) 004789844 | ||
| 090 |
_a4717442 _c4717442 |
||
| 100 | _a20061002d1896 |||y0rusy50 ca | ||
| 101 | 0 | _arus | |
| 102 | _aRU | ||
| 105 | _aa z ||||| | ||
| 200 | 1 |
_aМаленькая ботаника _eПодроб. описания обыкновеннейших растений _fС 121 черным и 80 хромолит. рис., исполн. Э.Л. Вольфом _gСост. проф. В.Я. Добровлянский |
|
| 210 |
_aСанкт-Петербург _cС.-Петерб. мастерская учеб. пособий и игр _d1896 |
||
| 215 |
_a7, [3], 136 с. _cил. _d22 |
||
| 700 | 1 |
_aДобровлянский _bВ. Я. _f1864-1910 _gВасилий Яковлевич _4220 |
|
| 702 | 1 |
_aВольф _bЭ. Л. _f1860-1931 _gЭгберт Людвигович _4440 |
|
| 801 | 0 |
_aRU _bNLR _gpsbo |
|
| 801 | 0 |
_aRU _bRuMoRGB _2psbo |
|
| 801 | 1 |
_aRU _bProSoft-M _2rusmarc |
|
| 852 |
_aNLR _j18.174.3.2 |
||
| 942 | _cBOOK | ||
| 980 | _aNB | ||